| 000 | 01026cam a22002411 4500 | ||
|---|---|---|---|
| 001 | gs 25000373 | ||
| 003 | DLC | ||
| 005 | 20260227111329.0 | ||
| 008 | 871209s1924 ag af b 000 0 spa c | ||
| 010 | _ags 25000373 | ||
| 035 | _a(OCoLC)17212346 | ||
| 040 |
_aLibrary, U.S. Geological Survey _cTxDaM _dDLC |
||
| 042 | _apremarc | ||
| 050 | 0 | 0 |
_aQE231 _b.A35 no. 2 |
| 100 | 1 |
_aWichmann, Richard, _d1881-1930. |
|
| 245 | 1 | 0 |
_aNuevas observaciones geológicas en la parte oriental del Neuquen y en el territorio del Rio Negro, _cpor R. Wichmann ... |
| 260 |
_aBuenos Aires, _bTalleres gráficos del Ministerio de agricultura de la nación, _c1924. |
||
| 300 |
_a22 p. _bVIII pl., fold. profile, tables. _c27 cm. |
||
| 490 | 0 |
_a[Argentine Republic] Dirección general de minas, geología e hidrologia (Sección: Geología) Publicación _vno. 2 |
|
| 500 | _aAt head of title: República Argentina. Ministerio de agricultura de la nación. | ||
| 504 | _a"Bibliografia ": p. 21-22. | ||
| 650 | 0 |
_aGeology _zArgentina _zRío Negro. |
|
| 999 |
_c26407 _d26407 |
||